000 00548nam a2200217Ia 4500
003 OSt
005 20220928151055.0
006 a|||||r|||| 00| 0
007 ta
008 220927b |||||||| |||| 00| 0 eng d
024 _a112081
037 _cTextual
040 _aSDCL
_cSDCL
_beng
041 _2eng
_aeng
082 _aQ2XM23x, M1.3
100 _aMaharishi Dayananda
_9516419
245 0 _aDayananda granthamala.
260 _c1981
942 _hQ2XM23x, M1.3
_cTEXL
_2CC
999 _c848905
_d848905